UM Logo

Spotlight on project-based learning : (Record no. 22416)

MARC details
000 -LEADER
fixed length control field 00495nam a22001337a 4500
005 - DATE AND TIME OF LATEST TRANSACTION
control field 20241010102018.0
008 - FIXED-LENGTH DATA ELEMENTS--GENERAL INFORMATION
fixed length control field 241010b |||||||| |||| 00| 0 eng d
100 ## - MAIN ENTRY--PERSONAL NAME
Personal name Waite, Chelsea.
Relator term author.
9 (RLIN) 62671
245 ## - TITLE STATEMENT
Title Spotlight on project-based learning :
Remainder of title seeing the forest and the trees /
Statement of responsibility, etc. Chelsea Waite.
260 ## - PUBLICATION, DISTRIBUTION, ETC. (IMPRINT)
Place of publication, distribution, etc. Washington;
Name of publisher, distributor, etc. Taylor & Francis Group,
Date of publication, distribution, etc. March-April 2020.
300 ## - PHYSICAL DESCRIPTION
Extent Volume 96, pages 30-41,
Other physical details illustration.
700 ## - ADDED ENTRY--PERSONAL NAME
Personal name Waite, Chelsea.
Relator term author.
9 (RLIN) 62672
942 ## - ADDED ENTRY ELEMENTS (KOHA)
Source of classification or shelving scheme Dewey Decimal Classification
Koha item type Periodicals
Holdings
Withdrawn status Lost status Source of classification or shelving scheme Damaged status Not for loan Collection code Home library Current library Date acquired Total Checkouts Date last seen Price effective from Koha item type Public note
    Dewey Decimal Classification     Periodicals UM Digos College - LIC UM Digos College - LIC 10/10/2024   10/10/2024 10/10/2024 Periodicals Periodical Article